La rebelión /
Furkejuvvon:
| Váldodahkki: | |
|---|---|
| Materiálatiipa: | Dovdameahttun |
| Giella: | Spanish |
| Almmustuhtton: |
Brooklyn, New York :
Casa del Hada,
1995.
|
| Fáttát: | |
| Fáddágilkorat: |
Lasit fáddágilkoriid
Eai fáddágilkorat, Lasit vuosttaš fáddágilkora!
|
MARC
| LEADER | 000000000a22000000004500 | ||
|---|---|---|---|
| 001 | 011304 | ||
| 041 | 0 | |a spa | |
| 082 | 0 | 4 | |a PR864.4 |b S582r |
| 100 | 1 | |a Silén, Iván, |d 1955- | |
| 245 | 1 | 3 | |a La rebelión / |c Iván Silén. |
| 260 | 1 | |a Brooklyn, New York : |b Casa del Hada, |c 1995. | |
| 300 | |a 98 páginas | ||
| 500 | |a Colección George Yúdice | ||
| 650 | 4 | |a LITERATURA PUERTORRIQUEÑA | |
| 650 | 4 | |a POESIA | |
| 650 | 4 | |a CRITICA | |
| 999 | |c 16601 |d 16601 | ||
| 942 | |c BK |h PR864.4 S582r |2 z | ||
